<?xml version="1.0" encoding="UTF-8"?><?xml-stylesheet type="text/xsl" href="static/style.xsl"?><OAI-PMH xmlns="http://www.openarchives.org/OAI/2.0/" xmlns:xsi="http://www.w3.org/2001/XMLSchema-instance" xsi:schemaLocation="http://www.openarchives.org/OAI/2.0/ http://www.openarchives.org/OAI/2.0/OAI-PMH.xsd"><responseDate>2026-04-14T07:33:26Z</responseDate><request verb="GetRecord" identifier="oai:www.recercat.cat:2445/118106" metadataPrefix="marc">https://recercat.cat/oai/request</request><GetRecord><record><header><identifier>oai:recercat.cat:2445/118106</identifier><datestamp>2025-12-05T05:34:22Z</datestamp><setSpec>com_2072_1057</setSpec><setSpec>col_2072_478857</setSpec><setSpec>col_2072_478901</setSpec><setSpec>col_2072_478917</setSpec></header><metadata><record xmlns="http://www.loc.gov/MARC21/slim" xmlns:dcterms="http://purl.org/dc/terms/" xmlns:xsi="http://www.w3.org/2001/XMLSchema-instance" xmlns:doc="http://www.lyncode.com/xoai" xsi:schemaLocation="http://www.loc.gov/MARC21/slim http://www.loc.gov/standards/marcxml/schema/MARC21slim.xsd">
   <leader>00925njm 22002777a 4500</leader>
   <datafield ind2=" " ind1=" " tag="042">
      <subfield code="a">dc</subfield>
   </datafield>
   <datafield ind2=" " ind1=" " tag="720">
      <subfield code="a">Albert Cristóbal, Rosa Maria</subfield>
      <subfield code="e">author</subfield>
   </datafield>
   <datafield ind2=" " ind1=" " tag="260">
      <subfield code="c">2017-11-23T16:18:44Z</subfield>
   </datafield>
   <datafield ind2=" " ind1=" " tag="260">
      <subfield code="c">2017-11-23T16:18:44Z</subfield>
   </datafield>
   <datafield ind2=" " ind1=" " tag="260">
      <subfield code="c">2006</subfield>
   </datafield>
   <datafield ind2=" " ind1=" " tag="260">
      <subfield code="c">2017-11-23T16:18:44Z</subfield>
   </datafield>
   <datafield ind2=" " ind1=" " tag="520">
      <subfield code="a">Los fitolitos han sido ampliamente documentados en los sedimentos paleoantropológicos de la Garganta de Olduvai en Tanzania. La investigación que se está llevando a cabo actualmente en la zona por parte de OLAPP (Olduvai Landscape Palaeoanthropology Project), se ha centrado casi exclusivamente en la reconstrucción del paleopaisaje y del paleoambiente durante el Plio-Pleistoceno. La reconstrucción de la vegetación a través de los estudios de fitolitos se basa en la relación existente entre la abundancia y morfología de fitolitos en plantas actuales de la zona y los fitolitos extraídos de los mismos suelos modernos donde crecen estas plantas, y su comparación posterior con niveles paleoantropológicos, dentro de un detallado marco espacio-temporal (deposición de la parte inferior del Lecho II en el margen Este del antiguo paleolago). Las muestras fueron recogidas tanto de la misma Garganta de Olduvai como de ecosistemas análogos a los que, según se cree, existían en la zona hace un millón y medio de años. Los resultados fueron posteriormente comparados con los obtenidos del estudio de macroplantas fosilizadas recuperadas de las mismas zonas. A pesar de la pérdida de morfotipos de fitolitos debido a procesos posdeposicionales, tanto en suelos modernos como fósiles, en estos últimos se identificaron, en varias de las muestras, fitolitos en cantidad suficiente para mostrar una vegetación diversificada y cambiante a lo largo de relativamente cortos períodos de tiempo. En el trabajo realizado también se propone un modelo posdeposicional donde la vegetación es interpretada teniendo en cuenta los resultados obtenidos.</subfield>
   </datafield>
   <datafield tag="653" ind2=" " ind1=" ">
      <subfield code="a">Fitòlits</subfield>
   </datafield>
   <datafield tag="653" ind2=" " ind1=" ">
      <subfield code="a">Plistocè</subfield>
   </datafield>
   <datafield tag="653" ind2=" " ind1=" ">
      <subfield code="a">Paleobotànica</subfield>
   </datafield>
   <datafield tag="653" ind2=" " ind1=" ">
      <subfield code="a">Àfrica oriental</subfield>
   </datafield>
   <datafield tag="653" ind2=" " ind1=" ">
      <subfield code="a">Gorja d'Olduvai (Tanzània)</subfield>
   </datafield>
   <datafield tag="653" ind2=" " ind1=" ">
      <subfield code="a">Phytoliths</subfield>
   </datafield>
   <datafield tag="653" ind2=" " ind1=" ">
      <subfield code="a">Pleistocene</subfield>
   </datafield>
   <datafield tag="653" ind2=" " ind1=" ">
      <subfield code="a">Paleobotany</subfield>
   </datafield>
   <datafield tag="653" ind2=" " ind1=" ">
      <subfield code="a">East Africa</subfield>
   </datafield>
   <datafield tag="653" ind2=" " ind1=" ">
      <subfield code="a">Olduvai Gorge (Tanzania)</subfield>
   </datafield>
   <datafield ind2="0" ind1="0" tag="245">
      <subfield code="a">Reconstrucción de la vegetación en África Oriental durante el Plio-Pleistoceno a través del estudio de fitolitos: La Garganta de Olduvai (Tanzania)</subfield>
   </datafield>
</record></metadata></record></GetRecord></OAI-PMH>